| 000 | 00405nam a22001457a 4500 | ||
|---|---|---|---|
| 005 | 20250223100245.0 | ||
| 008 | 250223b |||||||| |||| 00| 0 eng d | ||
| 020 | _a8123911742 | ||
| 050 | _aRJ48.2 ARV | ||
| 100 | _aArvind, R. | ||
| 245 |
_aMultiple Choice Questions in Paediatrics/ _cR. Arvind |
||
| 260 |
_aNew Delhi _bCBS Publishers & Distributors _c2006 |
||
| 300 |
_a264p. _c21.5cm |
||
| 942 |
_2lcc _cBK _n0 |
||
| 999 |
_c4163 _d4163 |
||